Pracovné podmienky a ich komparácia vo Veľkej Británii a na Slovensku bakalárska práca

Guardado en:
Detalles Bibliográficos
Autor principal: Doskočilová, Nina
Autor Corporativo: Národohospodárska fakulta EU. Katedra sociálneho rozvoja a práce
Otros Autores: Antalová, Mária, 1952-
Formato: Libro
Lenguaje:eslovaco
Publicado: Bratislava 2016
Etiquetas: Agregar Etiqueta
Sin Etiquetas, Sea el primero en etiquetar este registro!

MARC

LEADER 00000nbm a2200000 4500
001 0219829
005 20161118110234.4
041 0 |a slo 
044 |a SK 
245 1 0 |a Pracovné podmienky a ich komparácia vo Veľkej Británii a na Slovensku  |b bakalárska práca  |c Nina Doskočilová ; školiteľ: Mária Antalová 
264 1 |a Bratislava  |c 2016 
300 |a 62 s. 
100 1 |a Doskočilová, Nina 
700 1 |a Antalová, Mária, 1952- 
710 2 |a Národohospodárska fakulta EU. Katedra sociálneho rozvoja a práce